000 00531 a2200169 4500
001 066119
003 OSt
005 20210914144028.0
008
082 _a809
_bA57M
100 1 _aArmstrong, Tim
245 1 _aModernism
_cby Tim Armstrong
260 _aUK
_bPolity Press
_c2005
300 _a176p.
690 _aLiterature and science; Modernism (Literature); Psychology in literature; Technology in literature; United States; Human body in literature; American literature
942 _2ddc
_cBK
999 _c310
_d310